| 000 | 01265atm a2200493 4500 | ||
|---|---|---|---|
| 005 | 20241205191107.0 | ||
| 008 | 150723b2000 mx ||||| |||| 00| 0 spa d | ||
| 020 | _a970686007X | ||
| 041 | _aESP | ||
| 082 | _a612.6 C948n7 | ||
| 100 |
_aCrooks, Robert _938138 |
||
| 100 |
_aBaur, Karla _938139 |
||
| 245 | _aNuestra sexualidad | ||
| 260 | _aMéxico | ||
| 260 | _bThomson Learning | ||
| 260 | _c2000 | ||
| 300 | _a706 páginas | ||
| 650 | _aSEXUALIDAD | ||
| 650 | _aCOMPORTAMIENTO SEXUAL | ||
| 650 | _aPROBLEMAS SEXUALES | ||
| 650 | _aDIVERSIDAD | ||
| 650 | _aSALUD SEXUAL | ||
| 650 | _aANATOMÍA SEXUAL FEMENINA | ||
| 650 | _aANATOMÍA SEXUAL MASCULINA | ||
| 650 | _aGÉNERO | ||
| 650 | _aEMBARAZO | ||
| 650 | _aORGASMO | ||
| 650 | _aRELACIONES SEXUALES | ||
| 650 | _aHOMOSEXUALIDAD | ||
| 650 | _aANTICONCEPTIVOS | ||
| 650 | _aBIOSEXUALIDAD | ||
| 650 | _aMATRIMONIO HOMOSEXUAL | ||
| 650 | _aTRAVESTISMO | ||
| 650 | _aCELIBATO | ||
| 650 | _aPORNOGRAFÍA | ||
| 650 | _aENFERMEDADES DE TRANSMISIÓN SEXUAL | ||
| 650 | _aPROSTITUCIÓN | ||
| 650 | _aPROSTITUCIÓN EN INTERNET | ||
| 650 | _aCOMERCIO SEXUAL | ||
| 650 | _aDELITO SEXUAL | ||
| 650 | _aTERAPIAS | ||
| 650 | _aABUSO SEXUAL DE MENORES | ||
| 942 |
_cBK _2ddc |
||
| 999 |
_c6478 _d6478 |
||